00240nam a2200097Ia 4500008004100000041001200041100001700053245006000070260000600130650000600136221030s9999 xx 000 0 und d aEnglish aR. R. Gulati 0aComposite Satellite & cable Televisioncby R. R. Gulati c0 aB